Normal view MARC view
  • Reyes, Christiane

Entry Nombre Personal

Number of records used in: 5

001 - NUMERO DE CONTROL

  • campo de control: 51319

003 - IDENTIFICADOR DE NUMERO DE CONTROL

  • campo de control: UPN

005 - FECHA Y HORA DE LA ÜLTIMA TRANSACCIÓN

  • campo de control: 20240308084959.0

008 - DATOS DE LONGITUD FIJA

  • campo de control de longitud fija: 240308|| aca||aabn | aaa d

040 ## - FUENTE DE CATALOGACIÓN

  • Agencia original de catalogación: MX-MxUPN
  • Lenguaje de catalogación: spa
  • Agencia de transcripción: MX-MxUPN

100 1# - ENCABEZAMIENTO - NOMBRE PERSONAL

  • Nombre personal: Reyes, Christiane

374 ## - OCUPACIÓN

  • Occupation: Traductora

670 ## - FUENTE EN LA QUE SE LOCALIZARON DATOS

  • Cita de la fuente: LC, 08 marzo 2024:
  • Información localizada: (Reyes, Christiane)
  • Uniform Resource Identifier: https://lccn.loc.gov/no2011013462

670 ## - FUENTE EN LA QUE SE LOCALIZARON DATOS

  • Cita de la fuente: ¡A bañarse, Max!, 2002:
  • Información localizada: contracubierta (Traducción de Christiane Reyes)

902 ## - CATALOGADOR

  • Catalogador: MaríaRobles/080324